Johannes Vermeer
Αποθηκεύτηκε σε:
| Κύριος συγγραφέας: | |
|---|---|
| Συλλογικό Έργο: | , |
| Άλλοι συγγραφείς: | , |
| Μορφή: | Βιβλίο |
| Γλώσσα: | English |
| Δημοσίευση: |
New Haven : The Hague :
National Gallery of Art ; Royal Cabinet of Paintings Mauritshuis ; Yale University Press,
c1995.
|
| Θέματα: | |
| Ετικέτες: |
Προσθήκη ετικέτας
Δεν υπάρχουν, Καταχωρήστε ετικέτα πρώτοι!
|
MARC
| LEADER | 00000cam a2200000 i 4500 | ||
|---|---|---|---|
| 001 | 1/19694 | ||
| 008 | 010614s1995 dcu| ||| |||| ||eng|| | ||
| 020 | |a 0300065582 | ||
| 035 | |l 10066946 | ||
| 040 | |a GR-MyUa |b eng |e AACR2 | ||
| 041 | 0 | |a eng | |
| 082 | 7 | |a 700.92 |2 (20) | |
| 100 | 1 | |a Vermeer, Johannes, |d 1632-1675. | |
| 245 | 1 | 0 | |a Johannes Vermeer / |c [curators, Frederik J. Dupark and Arthur K. Wheelock, Jr.]. |
| 260 | |a New Haven : |a The Hague : |b National Gallery of Art ; |b Royal Cabinet of Paintings Mauritshuis ; |b Yale University Press, |c c1995. | ||
| 300 | |a 229 σ. : |b εικ. ; |c 32 εκ. | ||
| 500 | |a "National Gallery of Art, Washington 12 November 1995 - 11 February 1996; Royal Cabinet of Paintings Mauritshuis, The Hague 1 March - 2 June 1996"--T.p. verso. | ||
| 504 | |a Βιβλιογραφία: σ. 210-225 και ευρετήριο. | ||
| 600 | 1 | 0 | |a Vermeer, Johannes, |d 1632-1675 |x Exhibitions. |
| 700 | 1 | |a Duparc, Frederik J. |e cur | |
| 700 | 1 | |a Wheelock, Arthur K. |e cur | |
| 710 | 2 | |a National Gallery of Art (U.S.) | |
| 710 | 2 | |a Mauritshuis (Hague, Netherlands) | |
| 852 | |a INST |b SYROS |e 20010614 |h 700.92 VER |p 005500001285 |q 005500001285 |t BK |y 0 | ||
| 901 | |a BIBL5-2001-2 | ||
| 922 | |a 5ΕΛΗ |b 200105 |c Γραφικών Τεχνών |d Leader Books | ||
| 970 | |a Κρητικού |b Θωμαΐς |z 14/05/2001 | ||